| 000 | 00372nam a2200157Ia 4500 | ||
|---|---|---|---|
| 005 | 20250430042934.0 | ||
| 008 | 240331s9999 xx 000 0 und d | ||
| 020 | _a9559595202 | ||
| 082 |
_bWEE _a891 |
||
| 100 | _aWeerasinghe,T | ||
| 245 | 0 | _aNadunana gahaniya | |
| 260 |
_aBorelsgamuwa _bCRC printers _c1996 |
||
| 300 | _a60 p ., | ||
| 650 | _aShort Stories | ||
| 942 | _cL | ||
| 999 |
_c4876 _d4876 |
||